书目信息 |
| 题名: |
园林植物与应用
|
|
| 作者: | 李文敏 编著 | |
| 分册: | ||
| 出版信息: | 北京 中国建筑工业出版社 2011.12 |
|
| 页数: | 386页 | |
| 开本: | 20cm | |
| 丛书名: | ||
| 单 册: | ||
| 中图分类: | S688 | |
| 科图分类: | ||
| 主题词: | 观赏园艺 , 花卉 , 园林树木 | |
| 电子资源: | ||
| ISBN: | 978-7-112-11969-1 | |
| 000 | 00623nam0 2200229 45 | |
| 001 | 2034506948 | |
| 005 | 20201029093610.81 | |
| 010 | @a978-7-112-11969-1@dRMB 46.00 | |
| 100 | @a20201029d2011 km y0chiy0120 ea | |
| 101 | 0 | @achi |
| 102 | @aCN@b110000 | |
| 200 | 1 | @a园林植物与应用@Ayuan lin zhi wu yu ying yong@f李文敏编著@Fli wen min bian zhu |
| 205 | @a2版 | |
| 210 | @a北京@c中国建筑工业出版社@d2011.12 | |
| 215 | @a386页@d20cm | |
| 606 | 0 | @a观赏园艺 |
| 606 | 0 | @a花卉 |
| 606 | 0 | @a园林树木 |
| 690 | @aS688@v4 | |
| 701 | 0 | @a李文敏@Ali wen min@4编著 |
| 801 | 0 | @aCN@bPFT@c20201029 |
| 905 | @a10447@dS688@eL2841=2 | |
| 园林植物与应用/李文敏编著.-2版.-北京:中国建筑工业出版社,2011.12 |
| 386页;20cm |
| ISBN 978-7-112-11969-1:RMB 46.00 |
| ● |
| 相关链接 |
|
|
|
正题名:园林植物与应用
索取号:S688/L2841=2
 
预约/预借
| 序号 | 登录号 | 条形码 | 馆藏地/架位号 | 状态 | 备注 |
| 1 | 1500454 | 215004545 | 自科库401/ [索取号:S688/L2841=2] | 在馆 | |
| 2 | 1500455 | 215004554 | 自科库401/401自科库 68排4列1层/ [索取号:S688/L2841=2] | 在馆 | |
| 3 | 1500456 | 215004563 | 自科库401/401自科库 68排4列1层/ [索取号:S688/L2841=2] | 在馆 |